000 01537nam a2200361Ia 4500
001 ebr10230168
003 CaPaEBR
006 m u
007 cr cn|||||||||
008 071113s2008 gw a sb 001 0 eng d
010 _z 2007937522
020 _z3540738789
020 _z9783540738787
040 _aCaPaEBR
_cCaPaEBR
035 _a(OCoLC)209988935
050 1 4 _aHB97.3
_b.E57 2008eb
100 1 _aEhrentreich, Norman.
245 1 0 _aAgent-based modeling
_h[electronic resource] :
_bthe Santa Fe Institute artificial stock market model revisited /
_cNorman Ehrentreich.
260 _aBerlin ;
_aNew York :
_bSpringer,
_cc2008.
300 _axvi, 230 p. :
_bill.
490 1 _aLecture notes in economics and mathematical systems,
_x0075-8442 ;
_v602
504 _aIncludes bibliographical references (p. [195]-225) and index.
533 _aElectronic reproduction.
_bPalo Alto, Calif. :
_cebrary,
_d2011.
_nAvailable via World Wide Web.
_nAccess may be limited to ebrary affiliated libraries.
650 0 _aEquilibrium (Economics)
_xEconometric models.
650 0 _aEvolutionary economics.
650 0 _aFinancial engineering.
650 0 _aRational expectations (Economic theory)
655 7 _aElectronic books.
_2local
710 2 _aSanta Fe Institute (Santa Fe, N.M.)
710 2 _aebrary, Inc.
830 0 _aLecture notes in economics and mathematical systems ;
_v602.
856 4 0 _uhttp://site.ebrary.com/lib/rucke/Doc?id=10230168
_zAn electronic book accessible through the World Wide Web; click to view
999 _c39317
_d39317